| 000 | 00391nam a2200145 a 4500 | ||
|---|---|---|---|
| 001 | 6009 | ||
| 003 | CDMR | ||
| 005 | 20130220142515.0 | ||
| 008 | 130220s2009||||||||||||||||||||||||||||d | ||
| 040 |
_aCDMR _bcat _cCPC LLEIDA |
||
| 100 | 1 |
_aSubirats, Marina _93004 |
|
| 245 | 1 | 0 |
_aSocietat Catalana 2009 _cSUBIRATS, Marina |
| 260 |
_aBarcelona _bAssociació Catalana de Sociologia _c2009 |
||
| 942 | _cMON | ||
| 999 |
_c6009 _d6009 |
||